000 00787cam a22001815a 4500
001 L156326
008 120514s1832 xxk f 000 0 eng d
035 _a(Sirsi) u156326
041 0 _aeng
100 1 _aArrowsmith, Aaron
_d1750-1823
245 0 0 _aMap of the hills, rivers, canals, and principal roads, of England and Wales
_b(reduced from the large one in 18 sheets). Exhibiting most of the places whose situation has been ascertained by the stations and intersections of the triginometrical survey
260 _aLondon
_bA. Arrowsmith ...
_c1832
300 _a1 map in 4 pieces
_bcol.
_c181 x 144 cm, folded to 25 x 16 cm, in slip case
583 _aCondition reviewed
_c20120620
_lcondition level 3
651 4 _aEngland and Wales
_y1543-
690 _aGeomatics
_96242
942 _n0
999 _c114183
_d114183